[Event "DEM U16 2021"]
[Site "Willingen GER"]
[Date "2021.08.26"]
[Round "6"]
[White "Albert, Markus"]
[Black "Lutz, Ruben"]
[Result "0-1"]
[Termination "normal"]
[Board "10"]
[WhiteElo "1951"]
[BlackElo "2108"]
[WhiteClock "00:19:05"]
[BlackClock "00:00:44"]
[PlyCount "120"]
[WhiteFideId "16292626"]
[BlackFideId "12975974"]
[EventCountry "GER"]
[EventRounds "9"]
[EventType "swiss"]
[EventDate "2021.08.22"]

1. e4 {[%clk 1:30:57]} c6 {[%clk 1:30:50]} 2. d4 {[%clk 1:31:22]} d5 {[%clk
1:31:14]} 3. e5 {[%clk 1:31:48]} c5 {[%clk 1:31:27]} 4. dxc5 {[%clk 1:32:11]}
e6 {[%clk 1:31:47]} 5. a3 {[%clk 1:32:37]} Bxc5 {[%clk 1:32:06]} 6. Nf3 {[%clk
1:32:58]} Nc6 {[%clk 1:32:23]} 7. Bd3 {[%clk 1:33:16]} Nge7 {[%clk 1:32:37]} 8.
b4 {[%clk 1:33:40]} Bb6 {[%clk 1:32:57]} 9. Bb2 {[%clk 1:34:04]} Ng6 {[%clk
1:32:43]} 10. O-O {[%clk 1:33:54]} Nf4 {[%clk 1:29:39]} 11. c4 {[%clk 1:33:45]}
O-O {[%clk 1:28:47]} 12. Nc3 {[%clk 1:32:58]} f6 {[%clk 1:23:58]} 13. exf6
{[%clk 1:29:20]} Qxf6 {[%clk 1:22:52]} 14. c5 {[%clk 1:19:46]} Bd8 {[%clk
1:23:07]} 15. Rb1 {[%clk 1:18:07]} Qh6 {[%clk 1:16:04]} 16. Nb5 {[%clk
1:10:13]} e5 {[%clk 1:07:53]} 17. Ne1 {[%clk 0:49:12]} e4 {[%clk 0:48:30]} 18.
Be2 {[%clk 0:32:48]} a6 {[%clk 0:43:08]} 19. Nd6 {[%clk 0:29:00]} Bc7 {[%clk
0:42:41]} 20. Bc1 {[%clk 0:26:56]} Bxd6 {[%clk 0:38:34]} 21. cxd6 {[%clk
0:26:56]} Qxd6 {[%clk 0:37:26]} 22. Bxf4 {[%clk 0:26:10]} Rxf4 {[%clk 0:36:24]}
23. f3 {[%clk 0:21:44]} Qe5 {[%clk 0:19:54]} 24. Nc2 {[%clk 0:14:32]} Be6
{[%clk 0:18:53]} 25. Qd2 {[%clk 0:13:21]} Rd8 {[%clk 0:16:07]} 26. Rbe1 {[%clk
0:11:59]} Rf6 {[%clk 0:10:33]} 27. a4 {[%clk 0:10:46]} Rh6 {[%clk 0:06:23]} 28.
f4 {[%clk 0:08:39]} Qd6 {[%clk 0:05:10]} 29. b5 {[%clk 0:07:51]} axb5 {[%clk
0:05:18]} 30. axb5 {[%clk 0:08:07]} Ne7 {[%clk 0:04:55]} 31. Nd4 {[%clk
0:06:47]} Nf5 {[%clk 0:04:30]} 32. Nxe6 {[%clk 0:04:23]} Rxe6 {[%clk 0:04:04]}
33. Bg4 {[%clk 0:04:25]} g6 {[%clk 0:03:35]} 34. Kh1 {[%clk 0:04:11]} d4 {[%clk
0:02:01]} 35. Rg1 {[%clk 0:03:25]} Qd5 {[%clk 0:01:46]} 36. Rc1 {[%clk
0:02:47]} Re7 {[%clk 0:01:20]} 37. Rge1 {[%clk 0:02:34]} Qxb5 {[%clk 0:00:53]}
38. Bd1 {[%clk 0:02:15]} e3 {[%clk 0:00:46]} 39. Qa2+ {[%clk 0:02:20]} Kg7
{[%clk 0:00:50]} 40. g4 {[%clk 0:01:55]} Nh6 {[%clk 0:00:35]} 41. Bf3 {[%clk
0:01:59]} Qd7 {[%clk 0:24:44]} 42. Rg1 {[%clk 0:27:54]} d3 {[%clk 0:19:52]} 43.
f5 {[%clk 0:26:13]} Ng8 {[%clk 0:13:45]} 44. Rc5 {[%clk 0:24:18]} Qd4 {[%clk
0:10:42]} 45. Rc4 {[%clk 0:22:46]} Qf6 {[%clk 0:06:02]} 46. Rc5 {[%clk
0:21:55]} e2 {[%clk 0:02:00]} 47. g5 {[%clk 0:20:36]} Qd4 {[%clk 0:01:55]} 48.
Rc4 {[%clk 0:17:59]} Qxg1+ {[%clk 0:01:58]} 49. Kxg1 {[%clk 0:18:23]} e1=Q+
{[%clk 0:02:24]} 50. Kg2 {[%clk 0:18:34]} gxf5 {[%clk 0:01:35]} 51. h4 {[%clk
0:17:51]} Re2+ {[%clk 0:00:45]} 52. Bxe2 {[%clk 0:18:13]} Qxe2+ {[%clk
0:01:11]} 53. Qxe2 {[%clk 0:18:27]} dxe2 {[%clk 0:01:37]} 54. Kf2 {[%clk
0:18:43]} Re8 {[%clk 0:01:57]} 55. Ke1 {[%clk 0:18:41]} Re4 {[%clk 0:01:54]}
56. Rc7+ {[%clk 0:18:52]} Ne7 {[%clk 0:01:31]} 57. h5 {[%clk 0:18:49]} b5
{[%clk 0:01:32]} 58. Rb7 {[%clk 0:18:50]} b4 {[%clk 0:01:45]} 59. Rb6 {[%clk
0:19:13]} f4 {[%clk 0:01:02]} 60. h6+ {[%clk 0:19:05]} Kf7 {[%clk 0:00:44]} 0-1

[Event "DEM U16 2021"]
[Site "Willingen GER"]
[Date "2021.08.26"]
[Round "6"]
[White "Nied, Pascal"]
[Black "Bornholdt, Joa Max"]
[Result "1-0"]
[Termination "normal"]
[Board "12"]
[WhiteElo "1870"]
[BlackElo "1993"]
[WhiteClock "00:19:57"]
[BlackClock "00:32:40"]
[PlyCount "101"]
[WhiteFideId "16260597"]
[BlackFideId "16253477"]
[EventCountry "GER"]
[EventRounds "9"]
[EventType "swiss"]
[EventDate "2021.08.22"]

1. e4 {[%clk 1:30:58]} e5 {[%clk 1:30:46]} 2. Nf3 {[%clk 1:31:24]} Nc6 {[%clk
1:31:10]} 3. Bb5 {[%clk 1:31:49]} g6 {[%clk 1:31:31]} 4. d4 {[%clk 1:32:10]}
exd4 {[%clk 1:31:54]} 5. c3 {[%clk 1:32:33]} dxc3 {[%clk 1:32:06]} 6. Nxc3
{[%clk 1:32:54]} Bg7 {[%clk 1:30:18]} 7. Bg5 {[%clk 1:33:10]} Nge7 {[%clk
1:18:36]} 8. Nd5 {[%clk 1:33:30]} h6 {[%clk 1:19:02]} 9. Bf6 {[%clk 1:33:55]}
Bxf6 {[%clk 1:19:07]} 10. Nxf6+ {[%clk 1:34:20]} Kf8 {[%clk 1:19:35]} 11. Qd2
{[%clk 1:34:37]} Ng8 {[%clk 1:07:19]} 12. Nd5 {[%clk 1:32:57]} a6 {[%clk
1:03:33]} 13. Bc4 {[%clk 1:24:19]} d6 {[%clk 1:02:08]} 14. O-O-O {[%clk
1:02:52]} Be6 {[%clk 0:53:15]} 15. Qc3 {[%clk 0:59:58]} Rh7 {[%clk 0:51:43]}
16. Kb1 {[%clk 0:46:44]} Bxd5 {[%clk 0:45:27]} 17. Bxd5 {[%clk 0:43:56]} Nge7
{[%clk 0:37:56]} 18. Bb3 {[%clk 0:41:44]} Qc8 {[%clk 0:33:42]} 19. h3 {[%clk
0:34:25]} a5 {[%clk 0:30:28]} 20. a4 {[%clk 0:27:34]} Qd7 {[%clk 0:21:56]} 21.
g4 {[%clk 0:25:56]} Re8 {[%clk 0:19:57]} 22. Rhe1 {[%clk 0:20:29]} Nb4 {[%clk
0:15:31]} 23. Nh4 {[%clk 0:16:29]} Qc6 {[%clk 0:12:47]} 24. Qf6 {[%clk
0:14:35]} d5 {[%clk 0:12:20]} 25. Qd4 {[%clk 0:13:51]} dxe4 {[%clk 0:11:37]}
26. Rxe4 {[%clk 0:13:32]} Qb6 {[%clk 0:09:40]} 27. Qc4 {[%clk 0:11:19]} Qc6
{[%clk 0:09:14]} 28. Qd4 {[%clk 0:09:41]} Qb6 {[%clk 0:09:39]} 29. Qe5 {[%clk
0:09:15]} Qc6 {[%clk 0:07:19]} 30. Rc4 {[%clk 0:05:05]} Qb6 {[%clk 0:03:53]}
31. Qg3 {[%clk 0:02:08]} Ned5 {[%clk 0:02:05]} 32. Qf3 {[%clk 0:02:19]} Qe6
{[%clk 0:01:22]} 33. Rxc7 {[%clk 0:02:08]} Rd8 {[%clk 0:01:03]} 34. Rc5 {[%clk
0:01:58]} Nc3+ {[%clk 0:00:32]} 35. Qxc3 {[%clk 0:01:55]} Rxd1+ {[%clk
0:00:59]} 36. Bxd1 {[%clk 0:02:19]} Qe4+ {[%clk 0:00:35]} 37. Ka1 {[%clk
0:02:30]} Qe6 {[%clk 0:00:48]} 38. Rc8+ {[%clk 0:02:10]} Ke7 {[%clk 0:01:17]}
39. Qe3 {[%clk 0:02:29]} Kd7 {[%clk 0:01:24]} 40. Qxe6+ {[%clk 0:02:29]} fxe6
{[%clk 0:01:52]} 41. Rc3 {[%clk 0:01:32]} Nd5 {[%clk 0:02:03]} 42. Rd3 {[%clk
0:29:39]} g5 {[%clk 0:32:32]} 43. Nf3 {[%clk 0:28:49]} Ke7 {[%clk 0:32:38]} 44.
Nd4 {[%clk 0:23:43]} Kd6 {[%clk 0:32:50]} 45. Bb3 {[%clk 0:22:50]} Nf4 {[%clk
0:32:58]} 46. Re3 {[%clk 0:21:15]} Re7 {[%clk 0:32:42]} 47. Kb1 {[%clk
0:20:43]} Re8 {[%clk 0:32:57]} 48. Kc2 {[%clk 0:19:58]} Rc8+ {[%clk 0:32:00]}
49. Kd2 {[%clk 0:19:29]} Kc5 {[%clk 0:32:14]} 50. Rc3+ {[%clk 0:19:37]} Kb4
{[%clk 0:32:40]} 51. Rxc8 {[%clk 0:19:57]} 1-0

[Event "DEM U16 2021"]
[Site "Willingen GER"]
[Date "2021.08.26"]
[Round "6"]
[White "Alhamid, Mohamad"]
[Black "Kulm, Justin"]
[Result "0-1"]
[Termination "normal"]
[Board "13"]
[WhiteElo "1652"]
[BlackElo "1628"]
[WhiteClock "00:01:14"]
[BlackClock "00:10:23"]
[PlyCount "96"]
[WhiteFideId "16235665"]
[BlackFideId "34603565"]
[EventCountry "GER"]
[EventRounds "9"]
[EventType "swiss"]
[EventDate "2021.08.22"]

1. e4 {[%clk 1:30:59]} c5 {[%clk 1:30:40]} 2. Nf3 {[%clk 1:31:25]} Nc6 {[%clk
1:31:00]} 3. g3 {[%clk 1:31:37]} g6 {[%clk 1:29:56]} 4. Bg2 {[%clk 1:30:16]}
Bg7 {[%clk 1:29:44]} 5. O-O {[%clk 1:30:36]} d6 {[%clk 1:29:37]} 6. d3 {[%clk
1:30:17]} Nf6 {[%clk 1:28:57]} 7. c3 {[%clk 1:29:34]} O-O {[%clk 1:27:59]} 8.
h3 {[%clk 1:28:48]} Rb8 {[%clk 1:25:42]} 9. Be3 {[%clk 1:27:26]} h6 {[%clk
1:25:19]} 10. Nbd2 {[%clk 1:26:42]} e6 {[%clk 1:20:35]} 11. e5 {[%clk 1:25:26]}
Nd5 {[%clk 1:18:02]} 12. exd6 {[%clk 1:24:16]} Nxe3 {[%clk 1:16:28]} 13. fxe3
{[%clk 1:24:41]} Qxd6 {[%clk 1:16:25]} 14. Ne4 {[%clk 1:24:37]} Qc7 {[%clk
1:13:46]} 15. g4 {[%clk 1:16:31]} b6 {[%clk 1:10:30]} 16. Qe1 {[%clk 1:14:01]}
Ba6 {[%clk 1:06:57]} 17. Rd1 {[%clk 1:08:07]} Rbd8 {[%clk 1:05:59]} 18. c4
{[%clk 1:02:10]} Bxb2 {[%clk 1:03:07]} 19. Qh4 {[%clk 1:01:52]} Bg7 {[%clk
0:56:38]} 20. g5 {[%clk 0:50:12]} h5 {[%clk 0:55:12]} 21. Nf6+ {[%clk 0:50:35]}
Kh8 {[%clk 0:50:04]} 22. Nh2 {[%clk 0:50:28]} Bxf6 {[%clk 0:34:46]} 23. gxf6
{[%clk 0:50:36]} Kh7 {[%clk 0:32:12]} 24. Be4 {[%clk 0:40:55]} Rh8 {[%clk
0:25:26]} 25. Qxh5+ {[%clk 0:40:44]} Kg8 {[%clk 0:25:39]} 26. Qf3 {[%clk
0:40:10]} Na5 {[%clk 0:23:42]} 27. Ng4 {[%clk 0:34:28]} Nb7 {[%clk 0:19:43]}
28. Kg2 {[%clk 0:20:25]} Nd6 {[%clk 0:18:40]} 29. Qg3 {[%clk 0:19:51]} Qc8
{[%clk 0:14:57]} 30. Ne5 {[%clk 0:15:20]} Nf5 {[%clk 0:12:31]} 31. Bxf5 {[%clk
0:14:04]} exf5 {[%clk 0:12:52]} 32. e4 {[%clk 0:13:07]} Qc7 {[%clk 0:08:05]}
33. exf5 {[%clk 0:11:44]} Bb7+ {[%clk 0:06:42]} 34. Kh2 {[%clk 0:11:18]} Bc8
{[%clk 0:04:31]} 35. Rde1 {[%clk 0:09:05]} Rd4 {[%clk 0:02:50]} 36. Kg1 {[%clk
0:08:09]} Rh6 {[%clk 0:02:08]} 37. Qg5 {[%clk 0:07:13]} Rh5 {[%clk 0:01:48]}
38. Qg2 {[%clk 0:05:41]} Bxf5 {[%clk 0:01:19]} 39. Rxf5 {[%clk 0:05:20]} Rxf5
{[%clk 0:01:39]} 40. Nxg6 {[%clk 0:05:36]} Rxf6 {[%clk 0:01:00]} 41. Ne7+
{[%clk 0:00:58]} Kh7 {[%clk 0:30:56]} 42. Qg5 {[%clk 0:00:42]} Qf4 {[%clk
0:12:32]} 43. Qg8+ {[%clk 0:01:03]} Kh6 {[%clk 0:12:52]} 44. Qh8+ {[%clk
0:01:26]} Kg5 {[%clk 0:13:11]} 45. Qg7+ {[%clk 0:01:23]} Kh4 {[%clk 0:10:37]}
46. Qg4+ {[%clk 0:00:33]} Qxg4+ {[%clk 0:10:50]} 47. hxg4 {[%clk 0:01:00]}
Rxg4+ {[%clk 0:10:50]} 48. Kh2 {[%clk 0:01:14]} Rf3 {[%clk 0:10:23]} 0-1

[Event "DEM U16 2021"]
[Site "Willingen GER"]
[Date "2021.08.26"]
[Round "6"]
[White "Lohmann, Laurin"]
[Black "Chassard, Cedric"]
[Result "1/2-1/2"]
[Termination "normal"]
[Board "14"]
[WhiteElo "1810"]
[BlackElo "1971"]
[WhiteClock "00:11:50"]
[BlackClock "00:16:08"]
[PlyCount "71"]
[WhiteFideId "16281594"]
[BlackFideId "16243536"]
[EventCountry "GER"]
[EventRounds "9"]
[EventType "swiss"]
[EventDate "2021.08.22"]

1. e4 {[%clk 1:30:57]} e5 {[%clk 1:30:43]} 2. Nf3 {[%clk 1:31:20]} Nc6 {[%clk
1:31:09]} 3. Nc3 {[%clk 1:31:40]} Nf6 {[%clk 1:31:29]} 4. d4 {[%clk 1:32:00]}
exd4 {[%clk 1:31:43]} 5. Nxd4 {[%clk 1:32:24]} Bb4 {[%clk 1:31:45]} 6. Nxc6
{[%clk 1:32:42]} bxc6 {[%clk 1:31:55]} 7. Bd3 {[%clk 1:33:04]} d5 {[%clk
1:32:02]} 8. exd5 {[%clk 1:33:23]} cxd5 {[%clk 1:32:29]} 9. O-O {[%clk
1:33:38]} O-O {[%clk 1:32:47]} 10. h3 {[%clk 1:34:00]} c6 {[%clk 1:31:54]} 11.
Qf3 {[%clk 1:34:15]} h6 {[%clk 1:22:24]} 12. Bf4 {[%clk 1:34:22]} Bd6 {[%clk
1:22:10]} 13. Rfe1 {[%clk 1:30:01]} Be6 {[%clk 1:21:44]} 14. Ne2 {[%clk
1:22:47]} Re8 {[%clk 1:14:31]} 15. Nd4 {[%clk 1:10:16]} Qc7 {[%clk 1:11:14]}
16. Bxh6 {[%clk 1:01:52]} Ne4 {[%clk 0:50:38]} 17. Bc1 {[%clk 0:51:55]} Nc5
{[%clk 0:46:41]} 18. Bd2 {[%clk 0:44:06]} Nxd3 {[%clk 0:45:33]} 19. Qxd3 {[%clk
0:43:52]} Be5 {[%clk 0:41:48]} 20. Bc3 {[%clk 0:39:15]} Bxd4 {[%clk 0:36:40]}
21. Qxd4 {[%clk 0:33:38]} f6 {[%clk 0:36:31]} 22. Bb4 {[%clk 0:33:09]} Rab8
{[%clk 0:33:14]} 23. Bc5 {[%clk 0:32:41]} a6 {[%clk 0:32:26]} 24. Re3 {[%clk
0:30:27]} Bf7 {[%clk 0:31:54]} 25. Rae1 {[%clk 0:24:42]} Rxe3 {[%clk 0:30:10]}
26. Rxe3 {[%clk 0:25:04]} Re8 {[%clk 0:29:54]} 27. Rxe8+ {[%clk 0:24:13]} Bxe8
{[%clk 0:29:40]} 28. Qe3 {[%clk 0:21:27]} Qe5 {[%clk 0:28:00]} 29. Bd4 {[%clk
0:19:23]} Qxe3 {[%clk 0:27:02]} 30. fxe3 {[%clk 0:19:31]} Bg6 {[%clk 0:27:13]}
31. c3 {[%clk 0:19:34]} Bb1 {[%clk 0:27:00]} 32. a3 {[%clk 0:19:30]} Kf7 {[%clk
0:26:18]} 33. Kf2 {[%clk 0:17:43]} Ke6 {[%clk 0:23:12]} 34. g4 {[%clk 0:16:36]}
Bd3 {[%clk 0:18:24]} 35. Kg3 {[%clk 0:13:25]} g5 {[%clk 0:16:08]} 36. Kf3
{[%clk 0:11:50]} 1/2-1/2